Erratum to: Search for CP violation in the phase space of D0 → π−π+π0 decays with the energy test
Saved in:
| Main Authors: | , , , , , , , , , , , , , , , , , , , , , , , , , , |
|---|---|
| Corporate Author: | |
| Format: | Article (Journal) |
| Language: | English |
| Published: |
2024
|
| In: |
Journal of high energy physics
Year: 2024, Issue: 4, Pages: 40 |
| ISSN: | 1029-8479 |
| DOI: | 10.1007/JHEP04(2024)040 |
| Online Access: | Verlag, kostenfrei, Volltext: https://doi.org/10.1007/JHEP04(2024)040 |
| Author Notes: | The LHCb Collaboration |
MARC
| LEADER | 00000caa a2200000 c 4500 | ||
|---|---|---|---|
| 001 | 1908398647 | ||
| 003 | DE-627 | ||
| 005 | 20250910095941.0 | ||
| 007 | cr uuu---uuuuu | ||
| 008 | 241113s2024 xx |||||o 00| ||eng c | ||
| 024 | 7 | |a 10.1007/JHEP04(2024)040 |2 doi | |
| 035 | |a (DE-627)1908398647 | ||
| 035 | |a (DE-599)KXP1908398647 | ||
| 035 | |a (OCoLC)1475647344 | ||
| 040 | |a DE-627 |b ger |c DE-627 |e rda | ||
| 041 | |a eng | ||
| 084 | |a 29 |2 sdnb | ||
| 084 | |a 29 |2 sdnb | ||
| 110 | 2 | |a LHCb Collaboration |e VerfasserIn |0 (DE-588)1166245764 |0 (DE-627)1030265593 |0 (DE-576)510686508 |4 aut | |
| 245 | 1 | 0 | |a Erratum to: Search for CP violation in the phase space of D0 → π−π+π0 decays with the energy test |c The LHCb Collaboration |
| 246 | 3 | 3 | |a Erratum to: Search for CP violation in the phase space of D 0 → pi − pi + pi 0 decays with the energy test |
| 246 | 3 | 3 | |a Erratum to: Search for CP violation in the phase space of D 0 → π − π + π 0 decays with the energy test |
| 264 | 1 | |c 2024 | |
| 300 | |b 1 Diagramm | ||
| 300 | |a 8 | ||
| 336 | |a Text |b txt |2 rdacontent | ||
| 337 | |a Computermedien |b c |2 rdamedia | ||
| 338 | |a Online-Ressource |b cr |2 rdacarrier | ||
| 500 | |a Online veröffentlicht: 9. April 2024 | ||
| 500 | |a The LHCb Collaboration: R. Aaij, , S. Bachmann, D. Berninghoff, M. Borsato, L. Carus, R. Caspary, M. De Cian, G. Frau, P.A. Günther, X. Han, S. Hansmann-Menzemer, J. Hu, R. Kopecna, J. Kubat, B. Leverington, C. Langenbruch, J. Marks, M.P. Morgenthaler, L. Promberger,R. Skuza, G. Tuci, D.J. Unverzagt, U. Uwer, C. Wang, L. Witola, Y. Zhao, A. Zhelezov und viele weitere | ||
| 500 | |a Gesehen am 13.11.2024 | ||
| 700 | 1 | |a Aaij, Roel |e VerfasserIn |0 (DE-588)1161625089 |0 (DE-627)1024913767 |0 (DE-576)501903488 |4 aut | |
| 700 | 1 | |a Bachmann, Sebastian |d 1968- |e VerfasserIn |0 (DE-588)120670771 |0 (DE-627)70491185X |0 (DE-576)292330863 |4 aut | |
| 700 | 1 | |a Berninghoff, Daniel |d 1992- |e VerfasserIn |0 (DE-588)1162560444 |0 (DE-627)1026688604 |0 (DE-576)507493834 |4 aut | |
| 700 | 1 | |a Borsato, Martino |e VerfasserIn |0 (DE-588)1175432067 |0 (DE-627)1046376292 |0 (DE-576)516185780 |4 aut | |
| 700 | 1 | |a Carus, Leon |e VerfasserIn |0 (DE-588)1326232363 |0 (DE-627)1885837038 |4 aut | |
| 700 | 1 | |a Caspary, Rowina |d 1995- |e VerfasserIn |0 (DE-588)1251760783 |0 (DE-627)1789502489 |4 aut | |
| 700 | 1 | |a De Cian, Michel |d 1982- |e VerfasserIn |0 (DE-588)1116506718 |0 (DE-627)871188430 |0 (DE-576)478449283 |4 aut | |
| 700 | 1 | |a Frau, Giulia |d 1995- |e VerfasserIn |0 (DE-588)1220314765 |0 (DE-627)1736681923 |4 aut | |
| 700 | 1 | |a Günther, Paul André |d 1992- |e VerfasserIn |0 (DE-588)1208442422 |0 (DE-627)1694695522 |4 aut | |
| 700 | 1 | |a Han, Xiaoxue |e VerfasserIn |0 (DE-588)1162567090 |0 (DE-627)1026694159 |0 (DE-576)507494636 |4 aut | |
| 700 | 1 | |a Hansmann-Menzemer, Stephanie |e VerfasserIn |0 (DE-588)114507636X |0 (DE-627)1005309582 |0 (DE-576)495623539 |4 aut | |
| 700 | 1 | |a Hu, Jiangqiao |e VerfasserIn |0 (DE-588)118384719X |0 (DE-627)1663371393 |4 aut | |
| 700 | 1 | |a Kopecná, Renata |d 1992- |e VerfasserIn |0 (DE-588)1162350946 |0 (DE-627)1026008964 |0 (DE-576)507364791 |4 aut | |
| 700 | 1 | |a Kubat, Jakub |e VerfasserIn |0 (DE-588)1259027317 |0 (DE-627)1805818252 |4 aut | |
| 700 | 1 | |a Leverington, Blake |e VerfasserIn |0 (DE-588)1162569514 |0 (DE-627)1026695465 |0 (DE-576)507494741 |4 aut | |
| 700 | 1 | |a Langenbruch, Christoph |e VerfasserIn |0 (DE-588)1018553126 |0 (DE-627)690631553 |0 (DE-576)356024962 |4 aut | |
| 700 | 1 | |a Marks, Jörg |e VerfasserIn |0 (DE-588)1155945360 |0 (DE-627)1018501622 |0 (DE-576)168970112 |4 aut | |
| 700 | 1 | |a Morgenthaler, Maurice Pierre |e VerfasserIn |0 (DE-588)1312948140 |0 (DE-627)187304738X |4 aut | |
| 700 | 1 | |a Promberger, Laura |d 1993- |e VerfasserIn |0 (DE-588)1266786317 |0 (DE-627)181550577X |4 aut | |
| 700 | 1 | |a Skuza, Raphael |e VerfasserIn |0 (DE-588)126742222X |0 (DE-627)1815852372 |4 aut | |
| 700 | 1 | |a Tuci, Giulia |e VerfasserIn |0 (DE-588)132623188X |0 (DE-627)1885836589 |4 aut | |
| 700 | 1 | |a Unverzagt, Daniel Joachim |d 1996- |e VerfasserIn |0 (DE-588)1220314986 |0 (DE-627)1736682466 |4 aut | |
| 700 | 1 | |a Uwer, Ulrich |d 1965- |e VerfasserIn |0 (DE-588)172865387 |0 (DE-627)697794369 |0 (DE-576)133720837 |4 aut | |
| 700 | 1 | |a Wang, Chishuai |e VerfasserIn |0 (DE-588)1220315184 |0 (DE-627)1736682865 |4 aut | |
| 700 | 1 | |a Witola, Lukas |d 1993- |e VerfasserIn |0 (DE-588)1207506338 |0 (DE-627)1693854651 |4 aut | |
| 700 | 1 | |a Zhao, Ya |e VerfasserIn |0 (DE-588)1315660970 |0 (DE-627)1877931950 |4 aut | |
| 700 | 1 | |a Zhelezov, Alexey |e VerfasserIn |0 (DE-588)1155946324 |0 (DE-627)101850253X |0 (DE-576)501901094 |4 aut | |
| 773 | 0 | 8 | |i Enthalten in |t Journal of high energy physics |d Berlin : Springer, 1997 |g (2024), 4, Seite 40 |h Online-Ressource |w (DE-627)320910571 |w (DE-600)2027350-2 |w (DE-576)095428305 |x 1029-8479 |7 nnas |a Erratum to: Search for CP violation in the phase space of D0 → π−π+π0 decays with the energy test |
| 773 | 1 | 8 | |g year:2024 |g number:4 |g pages:40 |g extent:8 |a Erratum to: Search for CP violation in the phase space of D0 → π−π+π0 decays with the energy test |
| 787 | 0 | 8 | |i Errata zu |a LHCb Collaboration |t Search for CP violation in the phase space of D0 → π−π+π0 decays with the energy test |d 2023 |w (DE-627)1890546623 |
| 856 | 4 | 0 | |u https://doi.org/10.1007/JHEP04(2024)040 |x Verlag |x Resolving-System |z kostenfrei |3 Volltext |
| 951 | |a AR | ||
| 992 | |a 20241113 | ||
| 992 | |a 20241113 | ||
| 993 | |a Article | ||
| 993 | |a Article | ||
| 994 | |a 2024 | ||
| 994 | |a 2024 | ||
| 998 | |g 1315660970 |a Zhao, Ya |m 1315660970:Zhao, Ya |d 130000 |d 130200 |e 130000PZ1315660970 |e 130200PZ1315660970 |k 0/130000/ |k 1/130000/130200/ | ||
| 998 | |g 1220315184 |a Wang, Chishuai |m 1220315184:Wang, Chishuai |d 910000 |d 950000 |d 950950 |e 910000PW1220315184 |e 950000PW1220315184 |e 950950PW1220315184 |k 0/910000/ |k 1/910000/950000/ |k 2/910000/950000/950950/ | ||
| 998 | |g 1312948140 |a Morgenthaler, Maurice Pierre |m 1312948140:Morgenthaler, Maurice Pierre |d 910000 |d 950000 |d 950950 |e 910000PM1312948140 |e 950000PM1312948140 |e 950950PM1312948140 |k 0/910000/ |k 1/910000/950000/ |k 2/910000/950000/950950/ | ||
| 998 | |g 118384719X |a Hu, Jiangqiao |m 118384719X:Hu, Jiangqiao |d 910000 |d 950000 |d 950950 |e 910000PH118384719X |e 950000PH118384719X |e 950950PH118384719X |k 0/910000/ |k 1/910000/950000/ |k 2/910000/950000/950950/ | ||
| 998 | |g 1175432067 |a Borsato, Martino |m 1175432067:Borsato, Martino |d 910000 |d 950000 |d 950950 |e 910000PB1175432067 |e 950000PB1175432067 |e 950950PB1175432067 |k 0/910000/ |k 1/910000/950000/ |k 2/910000/950000/950950/ | ||
| 998 | |g 1155946324 |a Zhelezov, Alexey |m 1155946324:Zhelezov, Alexey |d 130000 |d 130200 |e 130000PZ1155946324 |e 130200PZ1155946324 |k 0/130000/ |k 1/130000/130200/ | ||
| 998 | |g 1207506338 |a Witola, Lukas |m 1207506338:Witola, Lukas |d 130000 |d 130200 |e 130000PW1207506338 |e 130200PW1207506338 |k 0/130000/ |k 1/130000/130200/ | ||
| 998 | |g 172865387 |a Uwer, Ulrich |m 172865387:Uwer, Ulrich |d 130000 |d 130200 |e 130000PU172865387 |e 130200PU172865387 |k 0/130000/ |k 1/130000/130200/ | ||
| 998 | |g 1220314986 |a Unverzagt, Daniel Joachim |m 1220314986:Unverzagt, Daniel Joachim |d 130000 |d 130200 |e 130000PU1220314986 |e 130200PU1220314986 |k 0/130000/ |k 1/130000/130200/ | ||
| 998 | |g 132623188X |a Tuci, Giulia |m 132623188X:Tuci, Giulia |d 130000 |d 130200 |e 130000PT132623188X |e 130200PT132623188X |k 0/130000/ |k 1/130000/130200/ | ||
| 998 | |g 1155945360 |a Marks, Jörg |m 1155945360:Marks, Jörg |d 130000 |d 130200 |e 130000PM1155945360 |e 130200PM1155945360 |k 0/130000/ |k 1/130000/130200/ | ||
| 998 | |g 1018553126 |a Langenbruch, Christoph |m 1018553126:Langenbruch, Christoph |d 130000 |d 130200 |e 130000PL1018553126 |e 130200PL1018553126 |k 0/130000/ |k 1/130000/130200/ | ||
| 998 | |g 1162569514 |a Leverington, Blake |m 1162569514:Leverington, Blake |d 130000 |d 130200 |e 130000PL1162569514 |e 130200PL1162569514 |k 0/130000/ |k 1/130000/130200/ | ||
| 998 | |g 114507636X |a Hansmann-Menzemer, Stephanie |m 114507636X:Hansmann-Menzemer, Stephanie |d 130000 |d 130200 |e 130000PH114507636X |e 130200PH114507636X |k 0/130000/ |k 1/130000/130200/ | ||
| 998 | |g 1162567090 |a Han, Xiaoxue |m 1162567090:Han, Xiaoxue |d 130000 |d 130200 |e 130000PH1162567090 |e 130200PH1162567090 |k 0/130000/ |k 1/130000/130200/ | ||
| 998 | |g 1208442422 |a Günther, Paul André |m 1208442422:Günther, Paul André |d 910000 |d 950000 |d 950950 |e 910000PG1208442422 |e 950000PG1208442422 |e 950950PG1208442422 |k 0/910000/ |k 1/910000/950000/ |k 2/910000/950000/950950/ | ||
| 998 | |g 1220314765 |a Frau, Giulia |m 1220314765:Frau, Giulia |d 130000 |d 130200 |e 130000PF1220314765 |e 130200PF1220314765 |k 0/130000/ |k 1/130000/130200/ | ||
| 998 | |g 1116506718 |a De Cian, Michel |m 1116506718:De Cian, Michel |d 130000 |d 130200 |e 130000PD1116506718 |e 130200PD1116506718 |k 0/130000/ |k 1/130000/130200/ | ||
| 998 | |g 1251760783 |a Caspary, Rowina |m 1251760783:Caspary, Rowina |d 910000 |d 950000 |d 950950 |e 910000PC1251760783 |e 950000PC1251760783 |e 950950PC1251760783 |k 0/910000/ |k 1/910000/950000/ |k 2/910000/950000/950950/ | ||
| 998 | |g 1326232363 |a Carus, Leon |m 1326232363:Carus, Leon |d 130000 |d 130200 |e 130000PC1326232363 |e 130200PC1326232363 |k 0/130000/ |k 1/130000/130200/ | ||
| 998 | |g 120670771 |a Bachmann, Sebastian |m 120670771:Bachmann, Sebastian |d 130000 |d 130200 |e 130000PB120670771 |e 130200PB120670771 |k 0/130000/ |k 1/130000/130200/ | ||
| 999 | |a KXP-PPN1908398647 |e 4613781892 | ||
| 999 | |a KXP-PPN1908398647 |e 4613767091 | ||
| BIB | |a Y | ||
| SER | |a journal | ||
| JSO | |a {"note":["Online veröffentlicht: 9. April 2024","The LHCb Collaboration: R. Aaij, , S. Bachmann, D. Berninghoff, M. Borsato, L. Carus, R. Caspary, M. De Cian, G. Frau, P.A. Günther, X. Han, S. Hansmann-Menzemer, J. Hu, R. Kopecna, J. Kubat, B. Leverington, C. Langenbruch, J. Marks, M.P. Morgenthaler, L. Promberger,R. Skuza, G. Tuci, D.J. Unverzagt, U. Uwer, C. Wang, L. Witola, Y. Zhao, A. Zhelezov und viele weitere","Gesehen am 13.11.2024"],"title":[{"title":"Erratum to: Search for CP violation in the phase space of D0 → π−π+π0 decays with the energy test","title_sort":"Erratum to: Search for CP violation in the phase space of D0 → π−π+π0 decays with the energy test"}],"corporate":[{"display":"LHCb Collaboration","role":"aut"}],"origin":[{"dateIssuedDisp":"2024","dateIssuedKey":"2024"}],"name":{"displayForm":["The LHCb Collaboration"]},"language":["eng"],"physDesc":[{"noteIll":"1 Diagramm","extent":"8 S."}],"type":{"media":"Online-Ressource","bibl":"article-journal"},"person":[{"display":"Aaij, Roel","role":"aut","family":"Aaij","given":"Roel"},{"role":"aut","given":"Sebastian","family":"Bachmann","display":"Bachmann, Sebastian"},{"role":"aut","family":"Berninghoff","given":"Daniel","display":"Berninghoff, Daniel"},{"given":"Martino","family":"Borsato","role":"aut","display":"Borsato, Martino"},{"given":"Leon","family":"Carus","role":"aut","display":"Carus, Leon"},{"given":"Rowina","family":"Caspary","role":"aut","display":"Caspary, Rowina"},{"family":"De Cian","given":"Michel","role":"aut","display":"De Cian, Michel"},{"role":"aut","family":"Frau","given":"Giulia","display":"Frau, Giulia"},{"role":"aut","family":"Günther","given":"Paul André","display":"Günther, Paul André"},{"display":"Han, Xiaoxue","role":"aut","given":"Xiaoxue","family":"Han"},{"role":"aut","family":"Hansmann-Menzemer","given":"Stephanie","display":"Hansmann-Menzemer, Stephanie"},{"display":"Hu, Jiangqiao","family":"Hu","given":"Jiangqiao","role":"aut"},{"display":"Kopecná, Renata","role":"aut","given":"Renata","family":"Kopecná"},{"role":"aut","given":"Jakub","family":"Kubat","display":"Kubat, Jakub"},{"display":"Leverington, Blake","role":"aut","given":"Blake","family":"Leverington"},{"display":"Langenbruch, Christoph","role":"aut","family":"Langenbruch","given":"Christoph"},{"family":"Marks","given":"Jörg","role":"aut","display":"Marks, Jörg"},{"display":"Morgenthaler, Maurice Pierre","role":"aut","family":"Morgenthaler","given":"Maurice Pierre"},{"given":"Laura","family":"Promberger","role":"aut","display":"Promberger, Laura"},{"display":"Skuza, Raphael","family":"Skuza","given":"Raphael","role":"aut"},{"display":"Tuci, Giulia","role":"aut","given":"Giulia","family":"Tuci"},{"display":"Unverzagt, Daniel Joachim","given":"Daniel Joachim","family":"Unverzagt","role":"aut"},{"family":"Uwer","given":"Ulrich","role":"aut","display":"Uwer, Ulrich"},{"display":"Wang, Chishuai","role":"aut","family":"Wang","given":"Chishuai"},{"display":"Witola, Lukas","family":"Witola","given":"Lukas","role":"aut"},{"given":"Ya","family":"Zhao","role":"aut","display":"Zhao, Ya"},{"display":"Zhelezov, Alexey","family":"Zhelezov","given":"Alexey","role":"aut"}],"relHost":[{"pubHistory":["Nachgewiesen 1997 -"],"note":["Gesehen am 02.12.20"],"corporate":[{"display":"Institute of Physics","role":"isb"}],"title":[{"title_sort":"Journal of high energy physics","title":"Journal of high energy physics","subtitle":"JHEP ; a refereed journal written, run, and distributed by electronic means"}],"part":{"text":"(2024), 4, Seite 40","pages":"40","extent":"8","issue":"4","year":"2024"},"language":["eng"],"origin":[{"dateIssuedKey":"1997","publisher":"Springer ; SISSA ; IOP Publ.","publisherPlace":"Berlin ; Heidelberg ; [Trieste] ; Bristol","dateIssuedDisp":"1997-"}],"physDesc":[{"extent":"Online-Ressource"}],"type":{"media":"Online-Ressource","bibl":"periodical"},"recId":"320910571","titleAlt":[{"title":"JHEP"}],"id":{"eki":["320910571"],"issn":["1029-8479"],"zdb":["2027350-2"]},"disp":"Erratum to: Search for CP violation in the phase space of D0 → π−π+π0 decays with the energy testJournal of high energy physics"}],"recId":"1908398647","titleAlt":[{"title":"Erratum to: Search for CP violation in the phase space of D 0 → pi − pi + pi 0 decays with the energy test"},{"title":"Erratum to: Search for CP violation in the phase space of D 0 → π − π + π 0 decays with the energy test"}],"id":{"doi":["10.1007/JHEP04(2024)040"],"eki":["1908398647"]}} | ||
| SRT | |a LHCBCOLLABERRATUMTOS2024 | ||